| 000 | 01077cam a2200337 a 4500 | ||
|---|---|---|---|
| 003 | CHAP | ||
| 005 | 20240507141243.0 | ||
| 008 | 000118d1998 us a r 00010 eng d | ||
| 010 | _a79287 | ||
| 011 | _a80259 | ||
| 020 | _a0716735962 | ||
| 020 | _a0-7167-3359-5 (CD) | ||
| 035 | _a90708 | ||
| 040 | _cCHAP | ||
| 082 | 0 | 4 |
_a540 _bA84 |
| 100 | 0 | 0 |
_aAtkins, Peter William. _98242 |
| 245 | 1 | 0 |
_aChemical principles : _bthe quest for insight _c/by Peter Atkins and Loreta Jones |
| 260 |
_aNew York, N.Y. : _bW. H. Freeman and Company, _c1998. |
||
| 300 |
_a908 p. : _bilus. ; + apendice + 1 disco compacto 4 3/4 plgs. |
||
| 590 |
_aBATCH-UPD _b10 _c20130110 |
||
| 590 |
_aBATCH-UPD _b10 _c20130410 |
||
| 590 |
_aBATCH-UPD _b10 _c20130914 |
||
| 590 |
_aCONVERSION _b10 _c20130109 |
||
| 650 | 1 | 4 |
_aQuĂmica. _993552 |
| 700 | 0 |
_aJones, Loretta. _962045 |
|
| 901 | _aBK | ||
| 905 | _aMayto Villalobos S. | ||
| 942 |
_cCD _2ddc |
||
| 949 |
_a540 A84 _bBC _cCD _d33724002027397 _eCD _fCD _i90708 _sb |
||
| 949 |
_a540 A84 _bBC _cLIBRO _d33724000741591 _eLIBRO _gI. 201166 _h97119 _i90708 _si |
||
| 999 |
_c79287 _d79287 |
||